000 01091nam a22002297a 4500
005 20110429165957.0
008 110429t xxu||||| |||| 00| 0 mar d
010 _aMAR-20774
020 _c160.00
035 _aMR-13432
037 _bDBAD / PUB
040 _aDPL
_bMR
082 _a891.46301
100 _aकुकडे,सुभाषिणी मधुकर
_927525
245 _aआई /
_cसुभाषिणी मधुकर कुकडे
246 _aAai
_bby Subhashin iMadhukar Kukare
260 _aकोल्हापुर
_bअभिनंदन प्रकाशन
_c2009
270 _a1495,'बी' इंदुमती अरपार्टमेंट,गुलाब गल्ली,मंगलवार पेठ
_bकोल्हापुर
300 _a140पृ
_c21 सेमी (अजिल्द)
942 _2ddc
_cMR
_h891.46301
_mकुकडे
999 _c52035
_d52035